UM Logo

The Level of Use of Mother Tongue and the English Language Proficiency Among Tausug Students in Hagonoy High School/ (Record no. 7284)

MARC details
000 -LEADER
fixed length control field 00638nam a22001577a 4500
008 - FIXED-LENGTH DATA ELEMENTS--GENERAL INFORMATION
fixed length control field 170815b xxu||||| |||| 00| 0 eng d
082 ## - DEWEY DECIMAL CLASSIFICATION NUMBER
Edition number 2011
Classification number UT 0846
Item number An88
100 ## - MAIN ENTRY--PERSONAL NAME
9 (RLIN) 22094
Personal name Antopina, Cristalyn U.
245 ## - TITLE STATEMENT
Title The Level of Use of Mother Tongue and the English Language Proficiency Among Tausug Students in Hagonoy High School/
Statement of responsibility, etc. Cristalyn U. Antopina, Hannah G. Diez and Jessie C. Lazar.
260 ## - PUBLICATION, DISTRIBUTION, ETC. (IMPRINT)
Place of publication, distribution, etc. Digos City:
Name of publisher, distributor, etc. UMDC
Date of publication, distribution, etc. March 2011.
300 ## - PHYSICAL DESCRIPTION
Extent 69 pages;
Dimensions 28 cm.
650 #0 - SUBJECT ADDED ENTRY--TOPICAL TERM
9 (RLIN) 22095
Topical term or geographic name as entry element Education
Form subdivision English
General subdivision Undergraduate thesis.
700 ## - ADDED ENTRY--PERSONAL NAME
9 (RLIN) 22096
Personal name Diez, Hannah G.
700 ## - ADDED ENTRY--PERSONAL NAME
9 (RLIN) 22097
Personal name Lazar, Jessie C.
942 ## - ADDED ENTRY ELEMENTS (KOHA)
Source of classification or shelving scheme Dewey Decimal Classification
Koha item type Undergraduate Thesis
Holdings
Withdrawn status Lost status Source of classification or shelving scheme Damaged status Not for loan Collection code Home library Current library Date acquired Total Checkouts Full call number Barcode Date last seen Copy number Price effective from Koha item type
    Dewey Decimal Classification     Undergraduate Theses UM Digos College - LIC UM Digos College - LIC 04/24/2017   UT 0846 An88 UT0846 08/15/2017 1 08/15/2017 Undergraduate Thesis